00514nam a2200157Ia 450000500170000000800410001704100080005808200160006610000270008224500240010926000430013330000090017665000200018599900190020595201320022420250729165724.0250729s2012 xx 000 0 und d aeng a420.25 VALT aDr.J E Vallabi9231411 aTeaching of English aLudhiyanabNeelkamal Publicationc2012 a340p aEnglish9231412 c239268d239268 00104070aALbALd2025-07-29eManagement Booksg175.00l0o420.25 VALTpBED04587r2025-07-29 16:57:24v175.00w2025-07-29yBK